Guess the 1990's Artists - Statistics

General Stats
  • This quiz has been taken 755 times
  • The average score is 45 of 100
Answer Stats
Hint Answer % Correct
Smells Like Teen Spirit (1991) Nirvana
96%
Wonderwall (1995) Oasis
94%
...Baby One More Time (1999) Britney Spears
91%
Losing My Religion (1991) R.E.M.
85%
I Will Always Love You (1992) Whitney Houston
85%
I Want It That Way (1999) Backstreet Boys
84%
My Heart Will Go On (1997) Celine Dion
84%
Zombie (1994) The Cranberries
84%
Wannabe (1996) The Spice Girls
83%
Gangsta's Paradise (1995) Coolio
82%
Black or White (1991) Michael Jackson
79%
Basket Case (1994) Green Day
77%
Livin' La Vida Loca (1999) Ricky Martin
76%
Under the Bridge (1991) Red Hot Chili Peppers
75%
Genie in a Bottle (1999) Christina Aguilera
71%
All Star (1999) Smash Mouth
70%
November Rain (1991) Guns N' Roses
69%
Iris (1998) The Goo Goo Dolls
69%
Nothing Else Matters (1991) Metallica
68%
Nothing Compares 2 U (1990) Sinead O'Connor
67%
Song 2 (1997) Blur
65%
Black Hole Sun (1994) Soundgarden
65%
Big Poppa (1994) The Notorious B.I.G.
65%
Waterfalls (1994) TLC
65%
Buddy Holly (1994) Weezer
65%
Kiss From a Rose (1994) Seal
64%
Bitter Sweet Symphony (1997) The Verve
64%
I Don't Want To Miss a Thing (1998) Aerosmith
63%
Everlong (1997) Foo Fighters
63%
Friday I'm In Love (1992) The Cure
63%
Man! I Feel Like a Woman! (1997) Shania Twain
62%
All The Small Things (1999) Blink-182
61%
Say My Name (1999) Destiny's Child
60%
Gin & Juice (1993) Snoop Dogg
60%
Achy Breaky Heart (1992) Billy Ray Cyrus
58%
Together Again (1997) Janet Jackson
58%
Even Flow (1991) Pearl Jam
58%
Killing Me Softly With His Song (1996) Fugees
56%
Loser (1994) Beck
54%
Just a Girl (1995) No Doubt
54%
Smooth (1999) Santana
53%
You Oughta Know (1995) Alanis Morissette
52%
(Everything I Do) I Do It For You (1991) Bryan Adams
52%
Tears in Heaven (1992) Eric Clapton
52%
Killing In The Name (1992) Rage Against The Machine
52%
One (1991) U2
51%
The Sign (1993) Ace of Base
49%
The Next Episode (1999) Dr. Dre
49%
Fantasy (1995) Mariah Carey
47%
No Surprises (1997) Radiohead
47%
Ambitionz Az A Ridah (1996) 2Pac
46%
Freak on a Leash (1998) Korn
44%
Lovefool (1996) The Cardigans
44%
What's Up? (1992) 4 Non Blondes
43%
Sabatoge (1994) Beastie Boys
43%
Enjoy the Silence (1990) Depeche Mode
42%
Bullet With Butterfly Wings (1995) The Smashing Pumpkins
42%
Man in the Box (1990) Alice in Chains
40%
Are You Gonna Go My Way (1993) Lenny Kravitz
39%
Mr. Jones (1993) Counting Crows
35%
Celebrity Skin (1998) Hole
33%
The Kids Aren't Alright (1998) The Offspring
32%
Virtual Insanity (1996) Jamiroquai
30%
Mama Said Knock You Out (1990) LL Cool J
30%
Interstate Love Song (1994) Stone Temple Pilots
30%
Santeria (1996) Sublime
30%
One Week (1998) Barenaked Ladies
29%
I'll Make Love To You (1994) Boyz II Men
29%
Friends in Low Places (1990) Garth Brooks
29%
N.Y. State of Mind (1994) Nas
28%
Closer (1994) Nine Inch Nails
28%
More Than Words (1990) Extreme
27%
Stupid Girl (1995) Garbage
27%
No Rain (1992) Blind Melon
26%
Grace (1994) Jeff Buckley
25%
Walking on Broken Glass (1992) Annie Lennox
24%
ATLiens (1996) Outkast
24%
Push (1996) Matchbox Twenty
22%
Crash Into Me (1996) Dave Matthews Band
21%
Symphony of Destruction (1992) Megadeth
21%
Can I Kick It? (1990) A Tribe Called Quest
18%
Only Wanna Be With You (1994) Hootie & the Blowfish
18%
Shape of My Heart (1993) Sting
17%
Protect Ya Neck (1993) Wu-Tang Clan
17%
Army of Me (1997) Björk
16%
The Crossroads (1995) Bone Thugs-N-Harmony
14%
Between the Bars (1997) Elliot Smith
14%
Red Right Hand (1994) Nick Cave & the Bad Seeds
14%
Hard To Handle (1990) The Black Crowes
13%
Wide Open Spaces (1998) The Chicks
13%
Paper Bag (1999) Fiona Apple
10%
Kool Thing (1990) Sonic Youth
10%
Easy (1992) Faith No More
9%
Check Yes or No (1995) George Strait
8%
When You Sleep (1991) My Bloody Valentine
8%
Mary Jane (All Night Long) (1994) Mary J. Blige
7%
Cut Your Hair (1994) Pavement
6%
Something Like That (1999) Tim McGraw
4%
You Got Me (1999) The Roots
3%
Birds of a Feather (1998) Phish
2%
No matching quizzes found
Score Distribution
Percent of People with Each Score
Percentile by Number Answered
Your Score History
You have not taken this quiz